00161 a2200073 450000100060000010000150000624500400002126000260006138428 aAllen B.W aAnalogue electronics for High study aG BrbMacmillanc1995